Alle 37♀️ Pokémon - Statistiken

Allgemein
  • Dieses Quiz wurde 72 mal gespielt
  • Das Durchschnittsergebnis liegt bei 12 aus 37
Antwortstatistiken
Typ Pokémon % Korrekt
☠️🟤 Nidoqueen
74%
☠️ Nidorina
74%
☠️🔥 Amfira
68%
❄️👻 Frosdedje
65%
☠️ Nidoran ♀️
65%
Chaneira
56%
Heiteira
56%
❄️🧠 Rossana
56%
🪲🪽 Honweisel
53%
Wonneira
53%
❄️🧠 Kussilla
47%
🐉🧠 Latias
41%
🪲🌱+ Burmadame
35%
🧚🏻‍♂️ Flabébé
32%
🧚🏻‍♂️ Florges
32%
🌱 Fruyal
29%
🧚🏻‍♂️⛓️ Granforgita
29%
🧚🏻‍♂️⛓️ Tafforgita
29%
🧚🏻‍♂️ Floette
26%
🧚🏻‍♂️⛓️ Forgita
26%
Kangama
26%
Miltank
26%
🧠 Cresselia
24%
🌱 Frubaila
21%
🌱 Frubberl
21%
🧠 Brimano
18%
🧠 Brimova
18%
🌒🪽 Grypheldis
18%
🧠🧚🏻‍♂️ Silembrim
18%
🧚🏻‍♂️🪽 Cupidos
15%
🪲 Illumise
15%
🌒🪽 Skallyk
15%
🌱 Lilminip
12%
🌱 Dressella
9%
🧚🏻‍♂️ Hokumil
9%
🌱+ Ogerpon
9%
🧚🏻‍♂️ Pokusan
9%
Keine übereinstimmenden Quizze gefunden
Verteilung der Resultate
Anzahl Personen mit jedem Resultat
Perzentil nach korrekt beantworteten Fragen
Ihre Resultats-Entwicklung
Sie haben dieses Quiz noch nicht gespielt